Skryté náklady anchoringu a framingu v každodennom rozhodovaní bakalárska práca

Saved in:
Bibliographic Details
Main Author: Polakovič, Samo
Corporate Author: Národohospodárska fakulta EU. Katedra financií
Other Authors: Malinovský, Tomáš, 1997-
Format: Book
Language:Slovak
Published: Bratislava 2025
Tags: Add Tag
No Tags, Be the first to tag this record!

MARC

LEADER 00000nbm a2200000 4500
001 0309417
005 20251015124420.2
041 0 |a slo 
044 |a SK 
245 1 0 |a Skryté náklady anchoringu a framingu v každodennom rozhodovaní  |b bakalárska práca  |c Samo Polakovič ; školiteľ: Tomáš Malinovský 
264 1 |a Bratislava  |c 2025 
300 |a 42 s. 
100 1 |a Polakovič, Samo 
700 1 |a Malinovský, Tomáš, 1997- 
710 2 |a Národohospodárska fakulta EU. Katedra financií